00602 a2200205 4500003000900000005001700009008004100026020001800067040001600085080001900101100002700120245009900147260003600246300001400282650002200296650002200318650001100340650001600351700002900367IN-BaIIA20231228142829.0231205b |||||||| |||| 00| 0 eng d a9780367721800 cIIA Library a681.3.068bSTE aStemkoski, LeeeAuthor aDeveloping graphics frameworks with python and openGL / cby Lee Stemkoski and Michael Pascale aBoca Raton : bCRC Press,c2022 aix, 334p. aComputer graphics aComputer programs aPython aMathematics aPascale, MichaeleAuthor